00868cam a2200241 a 450000100100000000500170001000800410002702000150006804000250008308200190010810000360012724501030016326000340026630000280030049000270032865000240035565000380037970000230041783000370044004900090047795201230048699900170060900001861320200929165830.0100512s1997 mx a 000 f spa d a968190513X aDO-SdBNPbspacBNPHU a895.152bM214h1 aMah, Adeline Yen,d1937-94022513aLas hojas que caen :bmemorias de una hija rechazada /cAdeline Yen Mah ; traducción John Wiley. aMéxico :bAlfaguara,c1997. a354 p. :bil. ;c24 cm.1 aGranjas Esmeraldav162 4aNovela china940226 4aLiteratura chinaySIGLO XX9402271 aWiley, John940228 0aGranjas Esmeraldas ;v162940229 aBNGR 001054708MOaGRbGRcCTd2010-05-12iLF1l0o895.152 M214hp18613-10r2020-06-25w2020-06-25y4ZPréstamo en sala c18133d18133